| 000 | 00526nam a2200205Ia 4500 | ||
|---|---|---|---|
| 005 | 20250522104108.0 | ||
| 008 | 008 250516s9999 xx 000 0 eng d | ||
| 020 | _a9798886130829 | ||
| 040 |
_aSDCL _beng _cSDCL |
||
| 041 |
_aeng _2eng |
||
| 084 |
_aB35, R4 _qSDCL |
||
| 100 |
_aGuillemin, Victor _9613767 |
||
| 245 | 0 | _aDifferential forms | |
| 260 |
_aChennai: _bWorld Scientific, _c2024. |
||
| 300 | _axvi,256p. | ||
| 365 |
_aINR _b0 |
||
| 650 | _aMathematics | ||
| 700 |
_aHaine, Peter _9494652 |
||
| 942 | _cTEXL | ||
| 999 |
_c1429107 _d1429107 |
||